[Event "Montcalm 2 2018-19"]
[Site "Quebec CAN"]
[Date "2018.10.25"]
[Round "3"]
[White "Leblanc-Legault, Mathieu"]
[Black "Sauve, Richard"]
[Result "1-0"]
[WhiteElo "1820"]
[BlackElo "1842"]
[PlyCount "83"]
[EventDate "2018.10.11"]
[EventType "swiss"]
[EventRounds "5"]
[EventCountry "CAN"]

1. e4 e6 2. d4 d5 3. exd5 exd5 4. Bd3 Bd6 5. Ne2 Nf6 6. Nbc3 c6 7. O-O O-O 8.
Re1 Bg4 9. f3 Bh5 10. Bf4 Re8 11. Qd2 Na6 12. Bxa6 bxa6 13. Bxd6 Qxd6 14. Na4
Rab8 15. a3 Bg6 16. Nf4 Bxc2 17. Qxc2 Qxf4 18. Qd3 a5 19. Rac1 Rxe1+ 20. Rxe1
Re8 21. Rxe8+ Nxe8 22. Qc3 Nd6 23. g3 Qf6 24. Qe3 h6 25. Nc5 Nf5 26. Qe5 Qxe5
27. dxe5 Ne3 28. a4 Nc4 29. Nd3 Kf8 30. Kf2 Ke7 31. b3 Nd2 32. Nc5 Kd8 33. Ke3
Nf1+ 34. Kf2 Nd2 35. Ke2 Nb1 36. Kd3 Na3 37. Kc3 Kc7 38. Kb2 Nb5 39. axb5 cxb5
40. Kc3 Kc6 41. Kd4 b4 42. Na4 1-0

[Event "Montcalm 2 2018-19"]
[Site "Quebec CAN"]
[Date "2018.11.01"]
[Round "4"]
[White "Cummins, Paul"]
[Black "Fecteau, Martin"]
[Result "0-1"]
[WhiteElo "1760"]
[BlackElo "1900"]
[PlyCount "92"]
[EventDate "2018.10.11"]
[EventType "swiss"]
[EventRounds "5"]
[EventCountry "CAN"]

1. e4 c5 2. Nc3 Nc6 3. Bb5 e6 4. Bxc6 bxc6 5. f4 d5 6. e5 Nh6 7. Nf3 Ba6 8. d3
Nf5 9. O-O Be7 10. g4 Nd4 11. Nxd4 cxd4 12. Ne2 Qb6 13. Ng3 g6 14. b3 c5 15.
Qf3 Bb7 16. a4 c4 17. a5 Qc7 18. a6 Bc6 19. Ba3 Bxa3 20. Rxa3 O-O 21. Raa1 f6
22. exf6 Rxf6 23. g5 Rf7 24. Rae1 Raf8 25. Qg4 Bd7 26. Re5 Qd6 27. h4 cxb3 28.
cxb3 Qxa6 29. f5 Qxd3 30. f6 Qc3 31. Ne2 Qxb3 32. Nxd4 Qb6 33. Qd1 h5 34. Rf3
a5 35. Qd3 Kh7 36. Rfe3 Rc8 37. Ne2 Rc4 38. Kg2 Rg4+ 39. Kh3 Qb4 40. Ng3 Rxh4+
41. Kg2 Qg4 42. Kf1 Qf4+ 43. Ke1 Rh2 44. Ne2 Rh1+ 45. Kd2 Qb4+ 46. Qc3 Qb1 0-1

[Event "Montcalm 2 2018-19"]
[Site "Quebec CAN"]
[Date "2018.11.01"]
[Round "4"]
[White "Desbiens, Raphael"]
[Black "Dube, Dominic"]
[Result "1-0"]
[WhiteElo "2207"]
[BlackElo "1809"]
[PlyCount "81"]
[EventDate "2018.10.11"]
[EventType "swiss"]
[EventRounds "5"]
[EventCountry "CAN"]

1. e4 c6 2. d4 d5 3. Nc3 dxe4 4. Nxe4 Bf5 5. Ng3 Bg6 6. h4 h6 7. Nf3 Nd7 8. h5
Bh7 9. Bd3 Bxd3 10. Qxd3 e6 11. Bd2 Ngf6 12. O-O-O Bd6 13. Ne2 Qc7 14. Rh4
O-O-O 15. Qb3 Kb8 16. Be3 Nd5 17. c4 Nxe3 18. fxe3 Be7 19. Rh3 e5 20. Nc3 exd4
21. exd4 Qf4+ 22. Kb1 Bf6 23. a4 Rhe8 24. c5 Re7 25. Qc2 Rde8 26. b4 Nf8 27. b5
Ne6 28. Qb3 Bxd4 29. Nxd4 Nxd4 30. Qc4 Qf5+ 31. Qd3 Qxd3+ 32. Rhxd3 Ne6 33. b6
axb6 34. cxb6 Kc8 35. Ne4 Rd8 36. Rxd8+ Nxd8 37. Nd6+ Kb8 38. Nf5 Re8 39. Rd7
Kc8 40. Rc7+ Kb8 41. Nd6 1-0

[Event "Montcalm 2 2018-19"]
[Site "Quebec CAN"]
[Date "2018.11.01"]
[Round "4"]
[White "Dumont, Eric"]
[Black "Cournoyer, Dominic"]
[Result "0-1"]
[WhiteElo "1684"]
[BlackElo "1943"]
[PlyCount "100"]
[EventDate "2018.10.11"]
[EventType "swiss"]
[EventRounds "5"]
[EventCountry "CAN"]

1. d4 Nf6 2. Bf4 d5 3. e3 c6 4. c4 Bf5 5. Nc3 e6 6. Nf3 h6 7. Qb3 Qb6 8. Be2
Qxb3 9. axb3 Nbd7 10. O-O Bc2 11. Nd2 Be7 12. Rfc1 Bg6 13. Ra2 a6 14. Rca1 O-O
15. c5 Nh5 16. Bxh5 Bxh5 17. b4 Rad8 18. Nb3 Nf6 19. Na5 Rd7 20. Na4 Bd8 21.
Nb3 Be2 22. Nd2 Bd3 23. Ra3 Bc2 24. Nf3 Bxa4 25. Rxa4 Be7 26. Ne5 Rdd8 27. Nd3
g5 28. Be5 Nd7 29. Bg3 f6 30. f4 f5 31. fxg5 hxg5 32. Be5 Nxe5 33. Nxe5 Bf6 34.
Nf3 g4 35. Ne1 f4 36. Kf2 fxe3+ 37. Kxe3 e5 38. Nc2 Bg5+ 39. Kd3 Rf2 40. dxe5
Rd2+ 41. Kc3 Rxg2 42. Nd4 Re8 43. e6 Bf6 44. Re1 Rxh2 45. Kd3 Rh3+ 46. Re3 Bxd4
47. Kxd4 Rxe3 48. Kxe3 Rxe6+ 49. Kf4 Re4+ 50. Kg3 Kg7 0-1

[Event "Montcalm 2 2018-19"]
[Site "Quebec CAN"]
[Date "2018.11.01"]
[Round "4"]
[White "Garcia Casillas, Carlos"]
[Black "Lapierre, Gaetan"]
[Result "1-0"]
[WhiteElo "1805"]
[BlackElo "1819"]
[PlyCount "63"]
[EventDate "2018.10.11"]
[EventType "swiss"]
[EventRounds "5"]
[EventCountry "CAN"]

1. e4 c6 2. d4 d5 3. Nd2 dxe4 4. Nxe4 Nd7 5. Qe2 e6 6. Bg5 Ngf6 7. O-O-O Qa5 8.
Bxf6 Nxf6 9. Kb1 Be7 10. Nf3 Nxe4 11. Qxe4 Bf6 12. h4 h5 13. Ne5 Qc7 14. Rh3
Qd8 15. Rhd3 Qc7 16. c4 c5 17. dxc5 Bxe5 18. Rd8+ Qxd8 19. Rxd8+ Kxd8 20. Qxe5
f6 21. Qd6+ Bd7 22. Be2 Rc8 23. Bf3 Re8 24. Bxb7 Rc7 25. c6 Re7 26. c5 Ke8 27.
cxd7+ Rcxd7 28. Bc6 e5 29. Bxd7+ Rxd7 30. Qe6+ Re7 31. Qc8+ Kf7 32. c6 1-0

[Event "Montcalm 2 2018-19"]
[Site "Quebec CAN"]
[Date "2018.11.01"]
[Round "4"]
[White "Genest, Dominic"]
[Black "Hebert, Marc"]
[Result "1-0"]
[WhiteElo "1719"]
[BlackElo "1413"]
[PlyCount "47"]
[EventDate "2018.10.11"]
[EventType "swiss"]
[EventRounds "5"]
[EventCountry "CAN"]

1. c4 c6 2. g3 Nf6 3. Nf3 g6 4. Bg2 Bg7 5. O-O O-O 6. d4 d6 7. Nc3 Nbd7 8. Bf4
Qa5 9. a3 Re8 10. b4 Qd8 11. Rc1 Nh5 12. Bg5 f6 13. Be3 Nf8 14. d5 f5 15. Bd4
e5 16. dxe6 Bxe6 17. Bxg7 Nxg7 18. Qd3 Qe7 19. Nd4 Bf7 20. Nxc6 bxc6 21. Bxc6
Rec8 22. Bxa8 Bxc4 23. Bd5+ Bxd5 24. Nxd5 1-0

[Event "Montcalm 2 2018-19"]
[Site "Quebec CAN"]
[Date "2018.11.01"]
[Round "4"]
[White "Leblanc-Legault, Mathieu"]
[Black "Dube, Daniel"]
[Result "0-1"]
[WhiteElo "1820"]
[BlackElo "1764"]
[PlyCount "108"]
[EventDate "2018.10.11"]
[EventType "swiss"]
[EventRounds "5"]
[EventCountry "CAN"]

1. Nf3 Nf6 2. d4 e6 3. a3 b6 4. c4 c5 5. Bf4 Bb7 6. Nc3 Be7 7. d5 exd5 8. cxd5
d6 9. e4 O-O 10. Bd3 a6 11. a4 Re8 12. O-O Bf8 13. Qe2 Nbd7 14. h3 g6 15. Rfe1
Nh5 16. Bg5 f6 17. Be3 Ne5 18. Nxe5 fxe5 19. Qd2 Bg7 20. g4 Nf4 21. Bxf4 exf4
22. Qxf4 Be5 23. Qd2 Rf8 24. Bf1 Bd4 25. Re2 Qh4 26. Kg2 Bc8 27. f3 Be5 28. Qe1
Qg5 29. Qd2 Bf4 30. Qe1 Be5 31. Qd2 Qf6 32. f4 Bxf4 33. Qe1 Ra7 34. Rf2 Qe5 35.
Ne2 Qxe4+ 36. Rf3 Be5 37. Ng1 Qxd5 38. Rd1 Bd4 39. b3 Raf7 40. Bc4 Qc6 41.
Bxf7+ Rxf7 42. Qh4 Bxg1 43. Qd8+ Kg7 44. Rdf1 Bb7 45. Kxg1 Rxf3 46. Qe7+ Kg8
47. Qd8+ Kf7 48. Rxf3+ Qxf3 49. Qd7+ Kf6 50. Qxd6+ Kg5 51. Qe7+ Kf4 52. Qd6+
Ke3 53. Qe5+ Kd3 54. Qd6+ Bd5 0-1

[Event "Montcalm 2 2018-19"]
[Site "Quebec CAN"]
[Date "2018.11.08"]
[Round "5"]
[White "Betancourt, Juan-Mauricio"]
[Black "Leblanc-Legault, Mathieu"]
[Result "0-1"]
[WhiteElo "1933"]
[BlackElo "1820"]
[PlyCount "84"]
[EventDate "2018.10.11"]
[EventType "swiss"]
[EventRounds "5"]
[EventCountry "CAN"]

1. c4 e6 2. Nc3 d5 3. cxd5 exd5 4. g3 Nf6 5. Bg2 c6 6. d4 Bf5 7. Nf3 Bd6 8. a3
Nbd7 9. b4 Ne4 10. Bb2 a5 11. Nh4 Nxc3 12. Bxc3 Be6 13. bxa5 Bc7 14. O-O Bxa5
15. Bb2 Nb6 16. Qd3 Qd7 17. Rfc1 O-O 18. Nf3 f6 19. Bc3 Bf5 20. Qd1 Bxc3 21.
Rxc3 Nc4 22. Nd2 b5 23. Nxc4 bxc4 24. a4 Rfb8 25. Qd2 Qd6 26. f3 Qb4 27. e4 Be6
28. Qc2 Qb2 29. Rc1 Qxc2 30. R3xc2 Rxa4 31. f4 g6 32. h3 Rb3 33. Rc3 Raa3 34.
Rxb3 Rxb3 35. g4 dxe4 36. Bxe4 Bd5 37. Re1 Rxh3 38. Kf2 Kf7 39. f5 g5 40. Bb1
Rf3+ 41. Ke2 Rf4 42. Ke3 Rxg4 0-1

[Event "Montcalm 2 2018-19"]
[Site "Quebec CAN"]
[Date "2018.11.08"]
[Round "5"]
[White "Cournoyer, Dominic"]
[Black "Cummins, Paul"]
[Result "1-0"]
[WhiteElo "1943"]
[BlackElo "1760"]
[PlyCount "57"]
[EventDate "2018.10.11"]
[EventType "swiss"]
[EventRounds "5"]
[EventCountry "CAN"]

1. c4 Nf6 2. Nc3 g6 3. Nf3 d5 4. cxd5 Nxd5 5. g3 Bg7 6. Bg2 O-O 7. Qb3 Nb6 8.
O-O Nc6 9. d3 Be6 10. Qd1 Qc8 11. Ng5 Bd7 12. Bf4 a6 13. Rc1 h6 14. Nge4 e5 15.
Be3 Nd4 16. Nc5 c6 17. Nxd7 Nxd7 18. Ne4 Kh7 19. Bxd4 exd4 20. Qb3 Qc7 21. Qb4
Rab8 22. Rc2 Rfe8 23. Qd6 Be5 24. Qxc7 Bxc7 25. Bf3 Ne5 26. Nf6+ Kh8 27. Nxe8
Nxf3+ 28. exf3 Rxe8 29. Rfc1 1-0

[Event "Montcalm 2 2018-19"]
[Site "Quebec CAN"]
[Date "2018.11.08"]
[Round "5"]
[White "Desbiens, Raphael"]
[Black "Sauve, Richard"]
[Result "1-0"]
[WhiteElo "2207"]
[BlackElo "1842"]
[PlyCount "107"]
[EventDate "2018.10.11"]
[EventType "swiss"]
[EventRounds "5"]
[EventCountry "CAN"]

1. Nf3 d5 2. g3 c6 3. Bg2 f5 4. d4 Nf6 5. Ne5 e6 6. Bf4 Be7 7. c4 O-O 8. Nd2
Nbd7 9. Nd3 Ne4 10. Nxe4 fxe4 11. Ne5 Nxe5 12. Bxe5 Qa5+ 13. Kf1 Qd8 14. Qc2
Bf6 15. Bh3 Bxe5 16. dxe5 Qg5 17. Qc3 Qh5 18. Bg2 Bd7 19. Ke1 Rf7 20. f3 exf3
21. exf3 Raf8 22. Kd2 Rxf3 23. Bxf3 Rxf3 24. Qd4 c5 25. Qxc5 Qxe5 26. Rab1 Qe4
27. Rbe1 Qd3+ 28. Kc1 d4 29. Rd1 Qe3+ 30. Kb1 Qe4+ 31. Ka1 e5 32. Rhe1 Re3 33.
Rxe3 dxe3 34. Qd5+ Qxd5 35. Rxd5 e4 36. Rd1 e2 37. Re1 Bg4 38. Kb1 Kf7 39. Kc2
Ke6 40. Kd2 Ke5 41. Ke3 a5 42. b3 Bf3 43. a3 b6 44. b4 axb4 45. axb4 h6 46. Rc1
Bg4 47. c5 bxc5 48. Rxc5+ Kd6 49. Rc1 Kd5 50. b5 Bd7 51. b6 Bc6 52. Kxe2 g5 53.
Ke3 h5 54. Rxc6 1-0

[Event "Montcalm 2 2018-19"]
[Site "Quebec CAN"]
[Date "2018.11.08"]
[Round "5"]
[White "Fecteau, Martin"]
[Black "Garcia Casillas, Carlos"]
[Result "1/2-1/2"]
[WhiteElo "1900"]
[BlackElo "1805"]
[PlyCount "108"]
[EventDate "2018.10.11"]
[EventType "swiss"]
[EventRounds "5"]
[EventCountry "CAN"]

1. d4 Nf6 2. c4 g6 3. g3 Bg7 4. Bg2 d6 5. Nf3 O-O 6. O-O Nbd7 7. Nc3 c6 8. e4
e5 9. d5 c5 10. a4 b6 11. Qc2 Nb8 12. Bd2 Na6 13. Na2 h6 14. Ne1 Nd7 15. Nd3 f5
16. f3 Nf6 17. Nf2 Nh5 18. Bc3 f4 19. g4 Nf6 20. Nd3 Nd7 21. Qd2 Rf7 22. Rf2
Nf8 23. b4 Bd7 24. b5 Nc7 25. a5 g5 26. Nac1 Ng6 27. Nb3 Bf6 28. Nb2 Ne8 29.
Qd1 Ng7 30. Na4 h5 31. h3 Nh4 32. Rfa2 Rb8 33. Qe2 Ne8 34. Nb2 Rh7 35. Be1 Ng6
36. Nd1 Nc7 37. Nc3 Qf8 38. axb6 axb6 39. Ra7 Bd8 40. Bf2 Qh6 41. Kf1 hxg4 42.
hxg4 Bc8 43. Bg1 Qh4 44. Qf2 Qh6 45. Ke1 Nh4 46. Kd2 Qf6 47. Kc2 Ng6 48. Ne2
Rh4 49. Nd2 Qh8 50. Qf1 Rh7 51. Bf2 Rh2 52. Bg1 Rh7 53. Bf2 Rh2 54. Bg1 Rh7
1/2-1/2

[Event "Montcalm 2 2018-19"]
[Site "Quebec CAN"]
[Date "2018.11.08"]
[Round "5"]
[White "Genest, Dominic"]
[Black "Labrecque, Rejean"]
[Result "1/2-1/2"]
[WhiteElo "1719"]
[BlackElo "1658"]
[PlyCount "109"]
[EventDate "2018.10.11"]
[EventType "swiss"]
[EventRounds "5"]
[EventCountry "CAN"]

1. c4 e6 2. g3 g6 3. Bg2 Bg7 4. Nf3 Ne7 5. Nc3 O-O 6. d4 c6 7. Bf4 d5 8. b3 Nd7
9. Rc1 f5 10. Qd2 Nf6 11. Ne5 Ne4 12. Bxe4 fxe4 13. Nd1 Nf5 14. c5 Bd7 15. h4
Be8 16. Ne3 Nxe3 17. Qxe3 Qa5+ 18. Qc3 Qxc3+ 19. Rxc3 Rc8 20. O-O h6 21. f3
exf3 22. exf3 Rf5 23. Re1 Kh7 24. Bd2 Bxe5 25. Rxe5 Rxe5 26. dxe5 Rc7 27. Rd3
Rg7 28. g4 g5 29. h5 Rf7 30. Kg2 Kg8 31. Rd4 Kg7 32. Kg3 b6 33. Bb4 Bd7 34. a4
Bc8 35. a5 bxc5 36. Bxc5 Ba6 37. f4 Be2 38. b4 a6 39. Bd6 Rxf4 40. Rxf4 gxf4+
41. Kxf4 d4 42. Bc5 d3 43. Be3 Kh7 44. Kg3 Kg7 45. Kh4 Bf3 46. g5 hxg5+ 47.
Kxg5 Be4 48. h6+ Kf7 49. Kf4 Bf5 50. Kg5 Bh7 51. Kh5 Be4 52. Kg5 Bf5 53. Kh5
Be4 54. Kg5 Bg6 55. Kf4 1/2-1/2

[Event "Montcalm 2 2018-19"]
[Site "Quebec CAN"]
[Date "2018.11.08"]
[Round "5"]
[White "Perreault, Jacquelin"]
[Black "Lapierre, Gaetan"]
[Result "1-0"]
[WhiteElo "1745"]
[BlackElo "1819"]
[PlyCount "43"]
[EventDate "2018.10.11"]
[EventType "swiss"]
[EventRounds "5"]
[EventCountry "CAN"]

1. e4 c5 2. Nf3 Nc6 3. d4 cxd4 4. Nxd4 Nf6 5. Nc3 e5 6. Ndb5 d6 7. Bg5 a6 8.
Bxf6 gxf6 9. Na3 f5 10. Bd3 f4 11. Nd5 Be6 12. c3 Bg7 13. Qh5 b5 14. Nc2 Ne7
15. Ncb4 O-O 16. O-O a5 17. Nxe7+ Qxe7 18. Nd5 Qb7 19. Qf3 f5 20. c4 Kh8 21. b3
Qf7 22. Rac1 1-0

[Event "Montcalm 3 2018-19"]
[Site "Quebec CAN"]
[Date "2018.11.15"]
[Round "1"]
[White "Desbiens, Raphael"]
[Black "Dube, Dominic"]
[Result "1-0"]
[WhiteElo "2149"]
[BlackElo "1796"]
[PlyCount "81"]
[EventDate "2018.11.15"]
[EventType "swiss"]
[EventRounds "5"]
[EventCountry "CAN"]

1. Nf3 c6 2. g3 d5 3. Bg2 h6 4. c4 Nf6 5. O-O Bf5 6. b3 e6 7. Ba3 Bxa3 8. Nxa3
Qa5 9. Nc2 Bxc2 10. Qxc2 Nbd7 11. d3 O-O 12. e4 dxe4 13. dxe4 Rad8 14. a3 Ne5
15. Nxe5 Qxe5 16. Rad1 Qa5 17. Qb2 e5 18. b4 Qc7 19. Qb3 Rxd1 20. Rxd1 Rd8 21.
c5 Rxd1+ 22. Qxd1 Qd7 23. Qxd7 Nxd7 24. Bh3 Nf6 25. f3 Kf8 26. Bc8 b6 27. cxb6
axb6 28. Bb7 c5 29. bxc5 bxc5 30. f4 Nd7 31. Bc6 Nb8 32. Bb5 Ke7 33. a4 Kd6 34.
Kf2 f6 35. Ke3 c4 36. Kd2 Kc5 37. Kc3 g6 38. fxe5 fxe5 39. g4 h5 40. gxh5 gxh5
41. h4 1-0

[Event "Montcalm 3 2018-19"]
[Site "Quebec CAN"]
[Date "2018.11.15"]
[Round "1"]
[White "Drolet, Stephane"]
[Black "Genest, Dominic"]
[Result "1-0"]
[WhiteElo "2037"]
[BlackElo "1740"]
[PlyCount "33"]
[EventDate "2018.11.15"]
[EventType "swiss"]
[EventRounds "5"]
[EventCountry "CAN"]

1. Nf3 d6 2. d4 g6 3. e4 Nf6 4. Nc3 Bg7 5. Bc4 Nbd7 6. Bxf7+ Kxf7 7. Ng5+ Kg8
8. Ne6 Qe8 9. Nxc7 Qd8 10. Nxa8 b6 11. e5 Ne8 12. Qf3 dxe5 13. Qd5+ Kf8 14.
dxe5 Bxe5 15. Bh6+ Bg7 16. Bxg7+ Nxg7 17. O-O-O 1-0

[Event "Montcalm 3 2018-19"]
[Site "Quebec CAN"]
[Date "2018.11.15"]
[Round "1"]
[White "Dube, Daniel"]
[Black "Boissinot, Claude"]
[Result "1-0"]
[WhiteElo "1894"]
[BlackElo "1472"]
[PlyCount "59"]
[EventDate "2018.11.15"]
[EventType "swiss"]
[EventRounds "5"]
[EventCountry "CAN"]

1. e4 c5 2. Nf3 e6 3. d4 cxd4 4. Nxd4 Nf6 5. Nc3 d6 6. g4 h6 7. h3 a6 8. Bg2
Qc7 9. O-O Bd7 10. Re1 Nc6 11. Nxc6 Bxc6 12. Nd5 Bxd5 13. exd5 e5 14. Be3 Be7
15. Qd2 O-O 16. g5 hxg5 17. Bxg5 Nxd5 18. Bxd5 Bxg5 19. Qxg5 Qxc2 20. Re3 Qxb2
21. Rd1 Qc2 22. Bb3 Qh7 23. Rxd6 Kh8 24. Qxe5 Rac8 25. Qe7 Rc1+ 26. Kg2 Qb1 27.
Qxf8+ Kh7 28. Qxf7 Rg1+ 29. Kf3 Rg5 30. Qg8# 1-0

[Event "Montcalm 3 2018-19"]
[Site "Quebec CAN"]
[Date "2018.11.15"]
[Round "1"]
[White "Dumont, Eric"]
[Black "Cournoyer, Dominic"]
[Result "0-1"]
[WhiteElo "1703"]
[BlackElo "1922"]
[PlyCount "126"]
[EventDate "2018.11.15"]
[EventType "swiss"]
[EventRounds "5"]
[EventCountry "CAN"]

1. d4 Nf6 2. Bf4 d5 3. e3 c6 4. c4 e6 5. Nf3 Be7 6. h3 O-O 7. Nc3 b6 8. Be2 Ba6
9. Ne5 dxc4 10. Nxc4 Nd5 11. Bxb8 Qxb8 12. Ne5 Bxe2 13. Qxe2 Qc7 14. O-O Nxc3
15. bxc3 Bd6 16. Nc4 Rac8 17. Nxd6 Qxd6 18. Rfd1 Rc7 19. Rd3 c5 20. dxc5 Qxc5
21. Rad1 g6 22. Qb2 Qc4 23. Qb3 Rfc8 24. Qa3 Qc5 25. Qa4 Kg7 26. Qb3 Qe5 27.
Rc1 Rc4 28. Qb2 R8c7 29. Rd4 R4c5 30. Qd2 Qf6 31. Rd3 b5 32. a3 Qe7 33. Qb2 e5
34. Qb4 a6 35. a4 Rc4 36. Qxe7 Rxe7 37. axb5 axb5 38. Rb1 Rc5 39. e4 Rec7 40.
Rb3 Ra7 41. Rd5 Ra1+ 42. Kh2 Rxd5 43. exd5 Ra5 44. Rb1 Kf6 45. f3 Ke7 46. Kg3
Kd6 47. Rd1 f5 48. f4 e4 49. Rd2 Ra3 50. Kf2 Rxc3 51. Rb2 Rc5 52. g4 Rxd5 53.
gxf5 gxf5 54. Ra2 b4 55. Ra6+ Kc5 56. Rh6 b3 57. Rxh7 Rd6 58. Rg7 Kc4 59. Rc7+
Kd3 60. Rb7 Kc2 61. Rb5 b2 62. Rxf5 b1=Q 63. Rc5+ Kd2 0-1

[Event "Montcalm 3 2018-19"]
[Site "Quebec CAN"]
[Date "2018.11.15"]
[Round "1"]
[White "Fecteau, Martin"]
[Black "Labrecque, Rejean"]
[Result "1-0"]
[WhiteElo "1913"]
[BlackElo "1701"]
[PlyCount "151"]
[EventDate "2018.11.15"]
[EventType "swiss"]
[EventRounds "5"]
[EventCountry "CAN"]

1. c4 e5 2. Nc3 Nf6 3. g3 g6 4. Bg2 Bg7 5. Nf3 Nc6 6. O-O O-O 7. d3 d6 8. Rb1
Ne7 9. b4 c6 10. b5 Bd7 11. Ba3 Qc7 12. Qb3 Rfe8 13. Ng5 h6 14. Nge4 Nxe4 15.
Nxe4 c5 16. Nc3 b6 17. Bxa8 Rxa8 18. e4 Bh3 19. Rfe1 Qd7 20. f3 f5 21. Nd1 g5
22. Nf2 g4 23. Nxh3 gxh3 24. Kh1 Kh7 25. Bc1 Ng6 26. Be3 Rf8 27. Bf2 f4 28. g4
Bf6 29. Rg1 Bh4 30. Qc2 Qe7 31. Qe2 Rg8 32. a4 Nf8 33. Qf1 Ne6 34. Rb2 Bxf2 35.
Rxf2 Qh4 36. Ra2 Rg7 37. a5 Rb7 38. axb6 axb6 39. Qe1 Qxe1 40. Rxe1 Nd4 41. Rf1
Kg7 42. Kg1 Nb3 43. Kf2 Na5 44. Ke2 Kf6 45. Kf2 Ra7 46. Rfa1 Ke6 47. Ra3 Ra8
48. Rg1 Rg8 49. Raa1 Kd7 50. Ke2 Ke6 51. Kd1 Kd7 52. Kc2 Kc7 53. g5 hxg5 54.
Rg4 Nb7 55. Rag1 Nd8 56. Rxg5 Rxg5 57. Rxg5 Ne6 58. Rh5 Nd4+ 59. Kd1 Nxf3 60.
Rxh3 Ng5 61. Rh5 Ne6 62. Ke1 f3 63. Kf2 Nf4 64. Rh7+ Kc8 65. Kxf3 Nxd3 66. Rf7
Nb2 67. h4 Nxc4 68. h5 Nd2+ 69. Ke3 Nc4+ 70. Ke2 d5 71. exd5 Nd6 72. Rf6 Nxb5
73. Kd3 Nc7 74. h6 Nxd5 75. Rf8+ Kd7 76. h7 1-0

[Event "Montcalm 3 2018-19"]
[Site "Quebec CAN"]
[Date "2018.11.15"]
[Round "1"]
[White "Gagnon, Stephane"]
[Black "Auger, Bertrand"]
[Result "1-0"]
[WhiteElo "1587"]
[BlackElo "1902"]
[PlyCount "137"]
[EventDate "2018.11.15"]
[EventType "swiss"]
[EventRounds "5"]
[EventCountry "CAN"]

1. e4 e6 2. d4 d5 3. Nc3 dxe4 4. Nxe4 Bd7 5. c4 Bc6 6. Nc3 Nf6 7. Bg5 Be7 8.
Nf3 h6 9. Bh4 Ne4 10. Bxe7 Qxe7 11. Qc2 Nxc3 12. Qxc3 Nd7 13. Be2 O-O 14. O-O
Rfd8 15. Rfe1 Qf6 16. Rad1 Ba4 17. b3 Bc6 18. Qe3 b6 19. a3 Bb7 20. Nd2 Nf8 21.
Ne4 Qe7 22. b4 Ng6 23. Bd3 a5 24. Ng3 Qf6 25. Be4 Bxe4 26. Qxe4 axb4 27. axb4
Ra2 28. Ne2 Nh4 29. Ra1 Rxa1 30. Rxa1 c5 31. bxc5 bxc5 32. Rd1 cxd4 33. Rxd4
Nf5 34. Rxd8+ Qxd8 35. Qc2 h5 36. g3 Qa8 37. c5 Qc6 38. Qc3 h4 39. g4 Ne7 40.
Qa5 Nc8 41. Qd8+ Kh7 42. Qxh4+ Kg8 43. Qd8+ Kh7 44. Qd4 f6 45. Qd3+ Kg8 46. Nf4
Qxc5 47. Nxe6 Qc1+ 48. Qf1 Qxf1+ 49. Kxf1 g5 50. Ke2 Kf7 51. Nd4 Ne7 52. Nf5
Nd5 53. h4 gxh4 54. Nxh4 Ke6 55. Kf3 Ne7 56. Ke4 Nd5 57. f4 Nc3+ 58. Kd3 Nd5
59. Ke4 Nc3+ 60. Kf3 Nd5 61. Ng2 Kd6 62. Kg3 Ke6 63. Kh4 f5 64. g5 Kf7 65. Kh5
Kg7 66. g6 Kf6 67. Kh6 Nc7 68. g7 Kf7 69. Kh7 1-0

[Event "Montcalm 3 2018-19"]
[Site "Quebec CAN"]
[Date "2018.11.15"]
[Round "1"]
[White "Perreault, Jacquelin"]
[Black "Plante, Rejean"]
[Result "0-1"]
[WhiteElo "1756"]
[BlackElo "2047"]
[PlyCount "64"]
[EventDate "2018.11.15"]
[EventType "swiss"]
[EventRounds "5"]
[EventCountry "CAN"]

1. e4 c5 2. Nf3 Nc6 3. d4 cxd4 4. Nxd4 Qb6 5. Nb3 Nf6 6. Nc3 e6 7. Be3 Qc7 8.
g4 Bb4 9. Bg2 h5 10. h3 hxg4 11. hxg4 Rxh1+ 12. Bxh1 Qh2 13. Qf3 Ne5 14. Qg2
Qxg2 15. Bxg2 Nfxg4 16. Bd4 Nc4 17. O-O-O Bxc3 18. Bxc3 Nxf2 19. Rf1 Ng4 20.
Bxg7 d6 21. Rh1 b6 22. Rh8+ Ke7 23. Bh3 Nf2 24. Bf1 Ne5 25. Ba6 Kd7 26. Bf6
Nxe4 27. Bb5+ Nc6 28. Nd4 Bb7 29. Bxc6+ Bxc6 30. Nxc6 Rxh8 31. Ne5+ dxe5 32.
Bxh8 f6 0-1

[Event "Montcalm 3 2018-19"]
[Site "Quebec CAN"]
[Date "2018.11.22"]
[Round "2"]
[White "Auger, Bertrand"]
[Black "Labrecque, Rejean"]
[Result "1/2-1/2"]
[WhiteElo "1902"]
[BlackElo "1701"]
[PlyCount "150"]
[EventDate "2018.11.15"]
[EventType "swiss"]
[EventRounds "5"]
[EventCountry "CAN"]

1. Nf3 d5 2. g3 Nf6 3. Bg2 e6 4. O-O Bd6 5. c4 c6 6. b3 O-O 7. Bb2 Nbd7 8. d3
dxc4 9. bxc4 Qc7 10. Nbd2 b6 11. Qc2 Bb7 12. Nd4 Rac8 13. a4 Rfd8 14. N2b3 a6
15. a5 c5 16. axb6 Qxb6 17. Nf3 Rb8 18. Ra3 Rdc8 19. Rb1 Qa7 20. Nbd2 Bc6 21.
Bc3 Rxb1+ 22. Qxb1 Ra8 23. Qa1 Bb7 24. Nb3 Bc7 25. Na5 Bxa5 26. Rxa5 Qb6 27.
Ne5 Nxe5 28. Bxb7 Qxb7 29. Bxe5 Qb6 30. Bc3 Ne8 31. Qa3 Qb1+ 32. Kg2 Qb7+ 33.
f3 Nd6 34. Qxc5 Nf5 35. Qe5 Qc6 36. Qe4 Rc8 37. Qxc6 Rxc6 38. Kf2 f6 39. g4 Nd6
40. Bd4 Kf7 41. Rc5 Rxc5 42. Bxc5 Nb7 43. Ba3 Na5 44. Ke3 Ke8 45. Kd2 Kd7 46.
Kc3 Nc6 47. d4 g6 48. h3 f5 49. e3 h5 50. gxh5 gxh5 51. Bc5 Kc7 52. Kb3 Kb7 53.
Ka4 Nd8 54. d5 exd5 55. cxd5 Nf7 56. e4 Ne5 57. exf5 Nxf3 58. Bd6 Ng5 59. h4
Nf7 60. Be7 Ne5 61. Bg5 Nf7 62. Bf4 Kb6 63. Kb4 a5+ 64. Ka4 Kc5 65. Kxa5 Kxd5
66. Bg3 Ke4 67. Kb4 Kxf5 68. Kc3 Kg4 69. Be1 Ne5 70. Bf2 Nf3 71. Kd3 Nxh4 72.
Bxh4 Kxh4 73. Ke2 Kg3 74. Kf1 Kh2 75. Kf2 h4 1/2-1/2

[Event "Montcalm 3 2018-19"]
[Site "Quebec CAN"]
[Date "2018.11.22"]
[Round "2"]
[White "Cournoyer, Dominic"]
[Black "Lapierre, Gaetan"]
[Result "1-0"]
[WhiteElo "1922"]
[BlackElo "1802"]
[PlyCount "87"]
[EventDate "2018.11.15"]
[EventType "swiss"]
[EventRounds "5"]
[EventCountry "CAN"]

1. c4 e5 2. Nc3 Nc6 3. Nf3 Nf6 4. g3 Bc5 5. Bg2 a6 6. O-O d6 7. d3 h6 8. Nd2
O-O 9. Nde4 Ba7 10. Nxf6+ Qxf6 11. Nd5 Qd8 12. b4 Ne7 13. Bd2 c6 14. Nxe7+ Qxe7
15. e3 f5 16. a4 Be6 17. Rb1 Rad8 18. b5 axb5 19. axb5 c5 20. Ra1 Bb6 21. Qb3
Qf7 22. Rfc1 e4 23. Be1 d5 24. dxe4 fxe4 25. cxd5 Bxd5 26. Qc2 Rde8 27. Qc3 Rc8
28. Ra4 Bd8 29. Bxe4 Bxe4 30. Rxe4 Qd7 31. Qb3+ Kh8 32. Rd1 Qc7 33. Bc3 Bf6 34.
Rf4 c4 35. Qb4 Bxc3 36. Rxf8+ Rxf8 37. Qxf8+ Kh7 38. Qf5+ Kh8 39. Qd7 Qc5 40.
Qxb7 Bb2 41. Rd8+ Kh7 42. Qe4+ g6 43. Rd7+ Bg7 44. Qe7 1-0

[Event "Montcalm 3 2018-19"]
[Site "Quebec CAN"]
[Date "2018.11.22"]
[Round "2"]
[White "Cummins, Paul"]
[Black "Calafateanu, Vlad"]
[Result "0-1"]
[WhiteElo "1745"]
[BlackElo "1576"]
[PlyCount "86"]
[EventDate "2018.11.15"]
[EventType "swiss"]
[EventRounds "5"]
[EventCountry "CAN"]

1. e4 e5 2. Nf3 Nc6 3. Bc4 Nf6 4. d3 d6 5. h3 Na5 6. Bb5+ c6 7. Ba4 b5 8. Bb3
Be7 9. c3 Nxb3 10. Qxb3 O-O 11. O-O Be6 12. Qc2 Qc7 13. Be3 h6 14. Nbd2 d5 15.
d4 exd4 16. Nxd4 Bc8 17. e5 Nd7 18. f4 Nb6 19. Rae1 g6 20. f5 Kh7 21. fxg6+
fxg6 22. Rxf8 Bxf8 23. Rf1 c5 24. Rf6 Qg7 25. Ne6 Bxe6 26. Rxe6 Nd7 27. Nf3 Qf7
28. Ra6 Nb6 29. Qf2 Qb7 30. Bxc5 Qxa6 31. Bxf8 Rxf8 32. Qh4 Kg7 33. Nd4 Qc8 34.
e6 Qe8 35. Qg4 Rf6 36. h4 Qf8 37. Nf3 h5 38. Qd4 Kg8 39. Qd3 Nc4 40. Qe2 Nd6
41. e7 Qe8 42. Ng5 Ne4 43. Qe3 Qxe7 0-1